Faktoringu sa v bankách páči

Faktoring sa bude čoraz ťažšie predávať ako jedinečná služba, musí byť súčasťou skupinového bankového riešenia pre klienta. Hodnotenie faktoringového trhu na Slovensku. Faktoringové spoločnosti na Slovensku. Podiely na trhu. Bezregresný a regresný faktoring. Vývoj faktoringu vo svete.

Gespeichert in:
Bibliographische Detailangaben
1. Verfasser: Kláseková, Martina
Format: Buchkapitel
Sprache:Slowakisch
Schlagworte:
Tags: Tag hinzufügen
Keine Tags, Fügen Sie das erste Tag hinzu!

MARC

LEADER 00000naa$a2200000$$$4500
001 0043413
005 20231009083759.4
041 0 |a slo 
044 |a SK 
245 1 0 |a Faktoringu sa v bankách páči  |c Martina Kláseková 
520 |a Faktoring sa bude čoraz ťažšie predávať ako jedinečná služba, musí byť súčasťou skupinového bankového riešenia pre klienta. Hodnotenie faktoringového trhu na Slovensku. Faktoringové spoločnosti na Slovensku. Podiely na trhu. Bezregresný a regresný faktoring. Vývoj faktoringu vo svete. 
610 2 0 |a faktoring 
610 2 0 |a spoločnosti faktoringové 
610 2 0 |a banky 
610 2 0 |a klienti 
610 2 0 |a trh 
610 2 0 |a obchody bankové 
610 2 0 |a Slovensko 
100 1 |a Kláseková, Martina